Learning Resource and Development

Easy Spanish reader : (Record no. 26626)

MARC details
000 -LEADER
fixed length control field 02721nam a2200337 i 4500
003 - CONTROL NUMBER IDENTIFIER
control field CSPC
005 - DATE AND TIME OF LATEST TRANSACTION
control field 20250722102142.0
008 - FIXED-LENGTH DATA ELEMENTS--GENERAL INFORMATION
fixed length control field 231201s2021 nyua 000 0 eng d
020 ## - INTERNATIONAL STANDARD BOOK NUMBER
International Standard Book Number 9781260463606
040 ## - CATALOGING SOURCE
Transcribing agency CSPC
Original cataloging agency CSPC
Language of cataloging eng
Description conventions rda
050 #4 - LIBRARY OF CONGRESS CALL NUMBER
Classification number PC4117
Item number .T3 2021
082 04 - DEWEY DECIMAL CLASSIFICATION NUMBER
Classification number 468.2421
Item number T173e
Edition number 23
100 1# - MAIN ENTRY--PERSONAL NAME
Personal name Tardy, William T.
Fuller form of name (William Thomas),
Dates associated with a name 1896-
Relator term author.
245 1# - TITLE STATEMENT
Title Easy Spanish reader :
Remainder of title a three-part text for beginning students /
Statement of responsibility, etc. William T. Tardy.
250 ## - EDITION STATEMENT
Edition statement Premium fourth edition.
264 #1 - PRODUCTION, PUBLICATION, DISTRIBUTION, MANUFACTURE, AND COPYRIGHT NOTICE
Place of production, publication, distribution, manufacture New York :
Name of producer, publisher, distributor, manufacturer McGraw-Hill,
Date of production, publication, distribution, manufacture, or copyright notice 2021.
300 ## - PHYSICAL DESCRIPTION
Extent vi, 218 pages :
Other physical details illustrations ;
Dimensions 23 cm.
336 ## - CONTENT TYPE
Source rdacontent
Content type term text
337 ## - MEDIA TYPE
Source rdamedia
Media type term unmediated
338 ## - CARRIER TYPE
Source rdacarrier
Carrier type term volume
490 1# - SERIES STATEMENT
Series statement Easy reader series
500 ## - GENERAL NOTE
General note "80 readings, post-reading exercises, vocabulary glosses" -- Cover
505 0# - FORMATTED CONTENTS NOTE
Formatted contents note Primera parte. Enrique y María -- Segunda parte. Historia de México -- Tercera parte. Lazarillo de Tormes (adaptación).
520 ## - SUMMARY, ETC.
Summary, etc. Start Reading in Spanish Immediately and Build Your Language Skills in No Time! Whether you’re a brand-new beginner or an advanced-beginning learner, the new editions of these popular titles enable you to dive into the language with engaging readings that progress in difficulty to match your growing reading skills. This process will allow you to rapidly build comprehension and confidence as you enjoy the stories and complete the post-reading exercises. Easy Spanish Reader is divided into three parts: Part I describes the adventures of two high-school seniors involved in their Spanish club. As you read about their experiences, you’ll discover the nuances of language and culture right along with the students. Part II describes episodes in the colorful history of Mexico, from the Conquistadors to the present, including vivid depictions of Cortés’s encounters with the Aztecs. Part III is comprised of an abridged adaptation of the classic story zLazarillo de Tormes,y which allows you to practice your grammar and vocabulary skills on a great work of Spanish literature. The bonus app that accompanies this book provides: flashcards to aid memorization of all vocabulary terms ; steaming audio recordings of numerous reading passages ; record-yourself feature to improve your pronunciation ; auto-fill glossary for quick reference.
650 #0 - SUBJECT ADDED ENTRY--TOPICAL TERM
Topical term or geographic name entry element Spanish language
General subdivision Readers.
650 #0 - SUBJECT ADDED ENTRY--TOPICAL TERM
Topical term or geographic name entry element Spanish language
Form subdivision Textbooks for foreign speakers
General subdivision English.
650 #0 - SUBJECT ADDED ENTRY--TOPICAL TERM
Topical term or geographic name entry element Spanish language
General subdivision Study and teaching.
830 #0 - SERIES ADDED ENTRY--UNIFORM TITLE
Uniform title Easy reader series
942 ## - ADDED ENTRY ELEMENTS (KOHA)
Source of classification or shelving scheme Dewey Decimal Classification
Koha item type Books
Classification part 468.2421
Call number prefix CIR
Call number suffix 2021
Suppress in OPAC No
Edition 23
Holdings
Withdrawn status Lost status Source of classification or shelving scheme Damaged status Not for loan Home library Current library Shelving location Date acquired Total Checkouts Total Renewals Full call number Barcode Date last seen Date last checked out Copy number Price effective from Koha item type
    Dewey Decimal Classification     Main Library Main Library Circulation Section 12/01/2023 1 2 CIR 468.2421 T173e 2021 026441 04/02/2025 02/05/2025 1-3 12/01/2023 Books
    Dewey Decimal Classification     Main Library Main Library Circulation Section 12/05/2024     CIR 468.2421 T173e 2021 028624 12/05/2024   2-3 12/05/2024 Books
    Dewey Decimal Classification     Main Library Main Library Circulation Section 07/21/2025     CIR 468.2421 T173e 2021 029698 07/21/2025   3-3 07/21/2025 Books